000 00405nam a2200157Ia 4500
008 230524s9999 xx 000 0 und d
082 _a406.3
_bDAV
100 _aJeff Davidson
_910346
245 0 _aIdiots Guide to Managing your time
250 _a1ST
260 _aNEW DELHI
_bPrintice Hall
_c1999
300 _aXII;400
500 _aQuantity Number: 1
650 _aMiscellaneous
_91877
942 _cBK
999 _c14292
_d14292